| 000 | 00771nam a2200229 a 4500 | ||
|---|---|---|---|
| 001 | 48959 | ||
| 003 | BD-RjUL | ||
| 005 | 20211209054620.0 | ||
| 008 | 160817s1966 bg ||||| |||| 00| 0 ben d | ||
| 020 | _c: Tk.8.00 | ||
| 035 | _a(BD-RjUL)49078 | ||
| 040 |
_aBD-RjUL _bben _cBD-RjUL _dBD-RjUL |
||
| 041 | _aben | ||
| 082 |
_223 _a891.441 _bAHH 1966 |
||
| 100 |
_aআহমদ,ফররুখ _9147426 |
||
| 245 | 1 | 0 |
_aহাতেম তা'য়ী / _cআহমদ,ফররুখ |
| 260 |
_aঢাকা : _bবাংলা একাডেমীঃ বর্ধমান হাউস, _c১৯৬৬ |
||
| 300 |
_a৩২৮ পৃ. ; _c২২ সেমি. |
||
| 650 |
_aবাংলা কবিতা _9147358 |
||
| 650 |
_aBengali poetry _9147359 |
||
| 942 |
_2ddc _cBK |
||
| 999 |
_c48959 _d48959 |
||